书目信息 |
| 题名: |
外部空间设计
|
|
| 作者: | 芦原义信 著 ;尹培桐 译 | |
| 分册: | ||
| 出版信息: | 南京 江苏凤凰文艺出版社 2017.5 |
|
| 页数: | 175页 | |
| 开本: | 23cm | |
| 丛书名: | 建筑学经典丛书 | |
| 单 册: | ||
| 中图分类: | TU206 | |
| 科图分类: | ||
| 主题词: | ||
| 电子资源: | ||
| ISBN: | 978-7-5594-0364-3 | |
| 000 | 01364oam2 2200277 450 | |
| 001 | 0400003192 | |
| 005 | 20171021203951.0 | |
| 010 | @a978-7-5594-0364-3@dCNY42.00 | |
| 100 | @a20170802d2017 em y0chiy50 ea | |
| 101 | 1 | @achi@ceng |
| 102 | @aCN@b320000 | |
| 105 | @aa z 000yy | |
| 106 | @ar | |
| 200 | 1 | @a外部空间设计@9wai bu kong jian she ji@f(日)芦原义信著@g尹培桐译 |
| 210 | @a南京@c江苏凤凰文艺出版社@d2017.5 | |
| 215 | @a175页@c图@d23cm | |
| 225 | 1 | @a建筑学经典丛书 |
| 314 | @a芦原义信 (1918-2003),日本当代建筑师,毕业于东京大学建筑系、哈佛大学研究生院,历任日本法政大学、武藏野美术大学和东京大学教授,曾担任日本建筑学会主席、日本建筑师协会主席。著有《外部空间设计》《街道的美学》等书。 | |
| 314 | @a尹培桐 (1935-2012),重庆大学建筑城规学院教授,中国建筑学会建筑理论与创作学术委员会委员。译有《外部空间设计》《街道的美学》等书。 | |
| 330 | @a1960年起,芦原义信即开始研究外部空间问题,为此曾两度到意大利考察。作者在书中通过对比,分析意大利和日本的外部空间,提出了积极空间、消极空间、加法空间、减法空间等一系列饶有兴味的概念;并结合建筑实例,对庭园、广场等外部空间的设计提出了一些独到的见解。 | |
| 461 | 0 | @12001 @a建筑学经典丛书 |
| 690 | @aTU206@v5 | |
| 701 | 0 | @c(日)@a芦原义信@9lu yuan yi xin@f(1918-2003)@4著 |
| 702 | 0 | @a尹培桐@9yin pei tong@f(1935-2012)@4译 |
| 801 | 0 | @aCN@b91MARC@c20171021 |
| 905 | @b1035731-5@dTU206@f5@e1247 | |
| 外部空间设计/(日)芦原义信著/尹培桐译.-南京:江苏凤凰文艺出版社,2017.5 |
| 175页:图;23cm.-(建筑学经典丛书) |
| ISBN 978-7-5594-0364-3:CNY42.00 |
| 1960年起,芦原义信即开始研究外部空间问题,为此曾两度到意大利考察。作者在书中通过对比,分析意大利和日本的外部空间,提出了积极空间、消极空间、加法空间、减法空间等一系列饶有兴味的概念;并结合建筑实例,对庭园、广场等外部空间的设计提出了一些独到的见解。 |
| ● |
| 相关链接 |
|
|
|
|
正题名:外部空间设计
索取号:TU206/1247
 
预约/预借
| 序号 | 登录号 | 条形码 | 馆藏地/架位号 | 状态 | 备注 |
| 1 | 1035731 | 210357317 | 第二样本阅览室/ [索取号:TU206/1247] | 在馆 | |
| 2 | 1035732 | 210357326 | 密集书库-生命科学系/ [索取号:TU206/1247] | 在馆 | |
| 3 | 1035733 | 210357335 | 第三借阅区/ [索取号:TU206/1247] | 在馆 | |
| 4 | 1035734 | 210357344 | 第三借阅区/ [索取号:TU206/1247] | 在馆 | |
| 5 | 1035735 | 210357353 | 第三借阅区/ [索取号:TU206/1247] | 在馆 |